| 000 | 00828nam a22002177a 4500 | ||
|---|---|---|---|
| 999 |
_c3544 _d3544 |
||
| 005 | 20251125232747.0 | ||
| 008 | s2529 th tha d | ||
| 040 | _aNALT | ||
| 041 | _atha | ||
| 050 |
_aHG4244.655 _bพ879ห 2529 |
||
| 100 | 0 | _aเพชรี ขุมทรัพย์ | |
| 245 | 1 | 0 | _aหลักการบริหารการเงิน |
| 260 | 3 |
_aกรุงเทพฯ : _bโรงพิมพ์มหาวิทยาลัยธรรมศาสตร์, _c2529 |
|
| 300 |
_a512 หน้า : _b ตาราง ; _c 26 ซม. |
||
| 650 | 0 | 4 | _aการเงิน -- การบริหาร |
| 650 | 0 | 4 | _aการเงิน -- ญี่ปุ่น |
| 850 | _aNALT | ||
| 856 | 4 | 0 |
_uhttps://hdl.handle.net/20.500.14156/443911 _71 |
| 942 |
_cGB _2lcc |
||